Principle-centred leadership

Bibliographic Details
Main Author: Covey, Stephen R
Corporate Author: Title
Format: Book
Published: London : Pocket Books , 2002
Subjects:

MARC

LEADER 00000cam a2200000 7i4500
001 0000012377
005 20080324.0
008 071213
020 |a 0743468600 
090 0 0 |a 158.4   |b COV 
100 1 |a Covey, Stephen R 
245 1 0 |a Principle-centred leadership   |c Stephen R. Covey 
260 |a London :   |b Pocket Books ,   |c 2002 
650 0 |a English fiction 
650 0 |a Leadership 
650 0 |a Success in business 
650 0 |a Success   |x Psychological aspects 
710 0 |a Title 
999 |a 0001003680   |b Book   |c Adult Collection   |e Perbadanan Perpustakaan Awam Johor 
999 |a 0001017046   |b Book   |c Adult Collection   |e Perbadanan Perpustakaan Awam Johor